海鲜美食 (Record no. 69606)

000 -LEADER
fixed length control field 00485nam a22001937a 4500
003 - CONTROL NUMBER IDENTIFIER
control field MPLRDC
005 - DATE AND TIME OF LATEST TRANSACTION
control field 20220105061143.0
008 - FIXED-LENGTH DATA ELEMENTS--GENERAL INFORMATION
fixed length control field 210129b ||||| |||| 00| 0 eng d
020 ## - INTERNATIONAL STANDARD BOOK NUMBER
International Standard Book Number 962-365-738-2
082 ## - DEWEY DECIMAL CLASSIFICATION NUMBER
Classification number 427.25 LYH
100 ## - MAIN ENTRY--PERSONAL NAME
Personal name 李银焕
245 ## - TITLE STATEMENT
Title 海鲜美食
Statement of responsibility, etc.
250 ## - EDITION STATEMENT
Edition statement 初版再刷
260 ## - PUBLICATION, DISTRIBUTION, ETC.
Place of publication, distribution, etc. 香港
Name of publisher, distributor, etc. 海滨图书公司(香港)
Date of publication, distribution, etc. 2002
300 ## - PHYSICAL DESCRIPTION
Other physical details
520 ## - SUMMARY, ETC.
Summary, etc. 上架 2018-05-25。
650 ## - SUBJECT ADDED ENTRY--TOPICAL TERM
Topical term or geographic name entry element 海产类烹调法
942 ## - ADDED ENTRY ELEMENTS (KOHA)
Koha item type Book
-- 427.25 LYH

No items available.

© 2022. Malaysian Public Library, Research and Development Centre. All Right ReservedE-mailmplrdc@help.edu.my 

Powered by Koha